Louis Tomlinson Albums - Statistics

General Stats
  • This quiz has been taken 169 times
    127 since last reset
  • The average score is 20 of 28
Answer Stats
Answer % Correct
Walls
92%
Two of Us
90%
Defenceless
83%
Kill My Mind
83%
Habit
80%
Always You
78%
Fearless
78%
Only the Brave
78%
Chicago
77%
The Greatest
76%
Don't Let It Break Your Heart
75%
Perfect Now
74%
We Made It
74%
Silver Tongues
71%
Written All Over Your Face
70%
Lucky Again
69%
Saturdays
68%
Face The Music
67%
Out Of My System
66%
Bigger Than Me
63%
Too Young
63%
Angels Fly
62%
Holding On To Heartache
60%
She Is Beauty We Are World Class
59%
Common People
56%
Headline
56%
All This Time
51%
That's The Way Love Goes
48%
No matching quizzes found
Score Distribution
Percent of People with Each Score
Percentile by Number Answered
Your Score History
You have not taken this quiz since the last reset